Animal foods - Statistics

General Stats
  • This quiz has been taken 11 times
  • The average score is 7 of 15
Answer Stats
Hint Answer % Correct
Panda Bamboo
100%
Cat Fish
100%
Mouse Cheese
89%
Horse Hay
89%
Rabbit Carrot
78%
Squirrel Acorn
56%
Frog Fly
56%
Dog Bone
33%
Turtle Lettuce
33%
Whale Shark Plankton
33%
Bear Berries
22%
Elephant Peanut
22%
Wolf Deer
11%
Shark Crustaceans
0%
Fox Sturgeon
0%
No matching quizzes found
Score Distribution
Percent of People with Each Score
Percentile by Number Answered
Your Score History
You have not taken this quiz